• 首页
  • 本馆介绍
  • 公告通知
  • 最新文献
  • 馆藏检索
  • 电子资源
  • 读者导购
  • 参考咨询
  • 我的图书馆
  • 登录
  • 详细信息显示
  • 放入我的书架
  • 预约/预借图书
  • 作者相关作品
  • 分类相关作品
  • 丛书相关作品
  • 出版社相关作品

书目信息

  • 表格格式
  • 工作单格式
  • 卡片格式
题名:
艺术 美术
    
 
作者: 胡知凡 主编 ;李荣华 , 叶伟良 册主编 ;人民教育出版社 编著
分册: 下册   七年级
出版信息: 北京   人民教育出版社  2024
页数: 42页
开本: 26cm
丛书名:
单 册:
中图分类: G634.950.1 , G634.955.1
科图分类:
主题词: 艺术--中小学--教材 , 艺术--初中--教材 , 美术课--中小学--教材 , 美术课--初中--教材
电子资源:
ISBN: 978-7-107-38287-1
000 01056nam0 2200325 450
001 0100084539
005 20250617162630.32
010    @a978-7-107-38287-1@dCNY5.93
090    @aG634.95@bhzf
100    @a20250125d2024 demy0chiy50 ea
101 0  @achi
102    @aCN@b110000
105    @aa z 000yy
106    @ar
200 1  @a艺术 美术@9yi shu mei shu@i七年级@h下册@b专著@f人民教育出版社课程教材研究所编著
210    @a北京@c人民教育出版社@d2024
215    @a42页@c彩图@d26cm
300    @a义务教育教科书
606 0  @a艺术@x中小学@j教材
606 0  @a艺术@x初中@j教材
606 0  @a美术课@x中小学@j教材
606 0  @a美术课@x初中@j教材
690    @aG634.950.1@v5
690    @aG634.955.1@v5
701  0 @a胡知凡@9hu zhi fan@f(1952~)@4主编
702  0 @a李荣华@9li rong hua@4册主编
702  0 @a叶伟良@9ye wei liang@4编写
712 02 @a人民教育出版社@9ren min jiao yu chu ban she@b课程教材研究所@4编著
801    @aCN@b人天书店@c20250616
905    @b1624872-6@b216248736@b216248745@b216248754@b216248763@dG634.950.1@e5868:1(2)@f5
    
    艺术 美术.七年级.下册/人民教育出版社课程教材研究所编著.-北京:人民教育出版社,2024
    42页:彩图;26cm
    义务教育教科书
    
    ISBN 978-7-107-38287-1:CNY5.93
    
●
相关链接 在E读中查询图书 在五车中查询图书 在当当中查询图书 在豆瓣中查询图书


正题名:艺术 美术     索取号:G634.950.1/5868:1(2)         预约/预借

序号 登录号 条形码 馆藏地/架位号 状态 备注
1 1624872   216248727   第一样本阅览室/ [索取号:G634.950.1/5868:1(2)] 在馆    
2 1624873   216248736   第四借阅区/ [索取号:G634.950.1/5868:1(2)] 在馆    
3 1624874   216248745   第四借阅区/ [索取号:G634.950.1/5868:1(2)] 在馆    
4 1624875   216248754   第四借阅区/ [索取号:G634.950.1/5868:1(2)] 在馆    
5 1624876   216248763   第四借阅区/ [索取号:G634.950.1/5868:1(2)] 在馆    
唐山师范学院图书馆 欢迎您!
大连网信软件有限公司© 版权所有